000 00590nam a2200229Ia 4500
003 OSt
005 20221005132805.0
006 a|||||r|||| 00| 0
007 ta
008 221004b |||||||| |||| 00| 0 eng d
024 _a61300
037 _cTextual
040 _aCRL
_cCRL
_beng
041 _2eng
_aeng
082 _aR66xJ25:1, 15H9
100 _aJogindra Sadanda
_9641642
245 0 _aVadantasara, tr. by Swami Nikhilananda
260 _c1949
650 _aPHILOSOPHY
942 _hR66xJ25:1, 15H9
_cTEXL
_2cc
999 _c1064814
_d1064814